تخطي إلى المحتوى
حسابك
تسجيل الخروج
تسجيل الدخول
اللغة
English
Deutsch
Español
Français
Italiano
日本語
Nederlands
Português
Português (Brasil)
中文(简体)
中文(繁體)
Türkçe
עברית
Gaeilge
Cymraeg
Ελληνικά
Català
Euskara
Русский
Čeština
Suomi
Svenska
polski
Dansk
slovenščina
اللغة العربية
বাংলা
Galego
Tiếng Việt
Hrvatski
हिंदी
كل الحقول
العنوان
المؤلف
الموضوع
رقم الطلب
ردمك/تدمد
الوسم
ابحث
بحث متقدم
بحث عن
Marketing in Italy
عرض للأخصائي
استشهد بهذا
أرسل هذا بالبريد الإلكتروني
طباعة
تصدير التسجيلة
تصدير إلى RefWorks
تصدير إلى EndNoteWeb
تصدير إلى EndNote
تصدير إلى MARC
تصدير إلى MARCXML
تصدير إلى RDF
تصدير إلى BibTeX
تصدير إلى RIS
أضف إلى المفضلة
Marketing in Italy
محفوظ في:
التفاصيل البيبلوغرافية
التنسيق:
كتاب
اللغة:
Undetermined
منشور في:
New York
Business International
1965
الموضوعات:
Marketing
الوسوم:
إضافة وسم
لا توجد وسوم, كن أول من يضع وسما على هذه التسجيلة!
Thư viện lưu trữ:
Trung tâm Học liệu Trường Đại học Cần Thơ
المقتنيات
الوصف
التعليقات
مواد مشابهة
عرض للأخصائي
LEADER
00373nam a2200145Ia 4500
001
CTU_83859
008
210402s9999 xx 000 0 und d
082
|a
380.1
082
|b
M345
245
0
|a
Marketing in Italy
260
|a
New York
260
|b
Business International
260
|c
1965
650
|a
Marketing
980
|a
Trung tâm Học liệu Trường Đại học Cần Thơ
مواد مشابهة
The market for diesel engines in Norway, Belgium, France and Italy
منشور في: (1972)
Markets and marketing :
بواسطة: Preston, Lee E
منشور في: (1970)
Accountable marketing
بواسطة: Rosenwald, Peter J.
Marketing
منشور في: (2004)
Applications in basic marketing
بواسطة: Perreault, William D.
منشور في: (2005)
تحميل...